|
|
|
|
| LEADER |
01707nam a2200421 4500 |
| 001 |
000012921 |
| 005 |
20180216135407.0 |
| 008 |
180216s1774 gw e ger |
| FMT |
|
|
|
| 040 |
|
|
|a SVKKK
|b slo
|c SVKKK
|e AACR2
|
| 041 |
1 |
|
|a ger
|h fre
|
| 044 |
|
|
|a gw
|c DE
|
| 080 |
|
|
|a 821.133.1
|
| 080 |
|
|
|a 82.31
|
| 080 |
|
|
|a 17
|
| 100 |
1 |
|
|a Leprince de Beaumont, Jeanne-Marie
|d 1711-1780
|4 aut
|
| 245 |
1 |
0 |
|a Moralische Erzählungen. Erster Band
|b Moralische Erzählungen von Frau le Prince de Beaumont. Aus dem Französischen. Erster Band.
|
| 260 |
|
|
|a Leipzig,
|b bey Weidmanns Erben und Reich.
|c 1774.
|
| 300 |
|
|
|a XVI,240 s. [8],A/8-P/8 [=128] list.
|c 8°. 18,5x11 cm
|
| 500 |
|
|
|a Vineta fig., linky ozdobné, linky, verz. na 2, 3 r., typograf. ozdoby, kustódy
|
| 501 |
|
|
|a Prív. 1.: LEPRINCE DE BEAUMONT, J.-M.: Moralische Erzählungen. Zweyter Band. Leipzig 1774. 8°
|
| 505 |
2 |
|
|a Dielo obsahuje: Die Richterinn ihres eignen Fehlers; Geschichte der Celeste; Die wahre Ehre, eine moralische Geschichte
|
| 508 |
|
|
|a Na zl. [2]-[8] nesignov. úvod.
|
| 561 |
|
|
|a Peč.: Štátna vedecká knižnica v Košiciach; A Kassai Muzeum Könyvtára
|
| 563 |
|
|
|a Lepenka, svetlý papier, na chrbte nalepený svetlý papier s vytlačenou tab. s nem. textom
|
| 653 |
1 |
|
|a francúzska literatúra
|
| 653 |
1 |
|
|a romány
|
| 653 |
1 |
|
|a morálka
|
| 710 |
0 |
|
|a Weidmanns Erben und Reich,
|c Leipzig,
|d 1762-1787
|4 pbl
|4 bsl
|
| 710 |
0 |
|
|a s. n.
|c Leipzig
|4 prt
|
| 710 |
0 |
|
|a knižnice - Východoslovenské múzeum
|c Košice
|4 sgn
|
| 752 |
|
|
|a Nemecko
|d Leipzig
|
| 852 |
|
|
|p I.101251
|
| 904 |
|
|
|a f--------aazz----ebyb-1001--
|
| 905 |
|
|
|a fg-a1dc-
|5 -------
|
| 910 |
|
|
|a svkkk
|
| 998 |
|
|
|a ST18
|
| BAS |
|
|
|